000 00340nam a2200157 i 4500
001 bg
100 1 _aBOLTON, William Ch.
245 0 _aZarys fizyki /
_cW. Ch. Bolton.
260 _aWarszawa,
_c1982.
650 9 _aFizyka
040 _cBPK
041 _apol
080 _a53
942 _cKS
008 s pl f |000 0 pol
999 _c22251
_d22251
856 _uhttp://koha.tu.koszalin.pl/cgi-bin/koha/opac-detail.pl?biblionumber=22251
_yKatalog online BPK